Cell imaging (Record no. 43209)

MARC details
000 -LEADER
fixed length control field 00345nam a2200133Ia 4500
020 ## - INTERNATIONAL STANDARD BOOK NUMBER
ISBN 1904842046
082 ## - DEWEY DECIMAL CLASSIFICATION NUMBER
Classification number 057.086
Item number STE
100 ## - MAIN ENTRY--AUTHOR NAME
Personal name Stephens, D
245 #0 - TITLE STATEMENT
Title Cell imaging
260 ## - PUBLICATION, DISTRIBUTION, ETC. (IMPRINT)
Place of publication Oxford
Name of publisher Scion Publishing
Year of publication 2006
490 ## - SERIES STATEMENT
Series statement Express Series Edited by B. David James
942 ## - ADDED ENTRY ELEMENTS (KOHA)
Koha item type Books
Holdings
Withdrawn status Lost status Damaged status Not for loan Home library Current library Date acquired Cost, normal purchase price Full call number Accession Number Koha item type
        RRII Library RRII Library 16/12/2021 995.00 057.086 STE 23475 Books